000 00524nam a22001937a 4500
003 OSt
008 260429b |||||||| |||| 00| 0 eng d
082 _a635.642
_bS48H
100 _aSingh, Sanjay Kumar.
245 _aHeterosis and Combining Ability in Tomato
_cby Sanjay Kumar Singh
260 _a.- Sabour, Bhagalpur
_b: Bihar Agricultural College, RAU
_c, 1989
300 _a168p.
502 _bPh. D.
_d1989
650 _aHorticulture
650 _aTomato
650 _aThesis
650 _aPh. D.
942 _2ddc
_cT
999 _c50285
_d50285